| 000 | 01005nam1a22002411i 4500 | ||
|---|---|---|---|
| 001 | rc\52002 | ||
| 005 | 20260407080039.0 | ||
| 035 | _a(NLR Aleph) 005387367 | ||
| 090 |
_a7156793 _c7156793 |
||
| 100 | _a20021216g19959999u |0rusy50 ca | ||
| 101 | 0 | _arus | |
| 102 | _aRU | ||
| 105 | _ay ||||||||| | ||
| 200 | 1 |
_aОбразцы изучения текста художественного произведения в трудах отечественных литературоведов _e[Хрестоматия _eВ 3 вып.] _fУдм. гос. ун-т _g[Сост. Б.О. Корман] |
|
| 205 | _a2-е изд., доп. | ||
| 210 |
_aИжевск _cИзд-во Удм. ун-та _d1995- |
||
| 215 | _d21 | ||
| 702 | 1 |
_aКорман _bБ.О. _gБорис Ошерович _4220 |
|
| 712 | 0 | 2 |
_aУдмуртский государственный университет _cИжевск _3RU\NLR\AUTH\884597 _9280737 |
| 801 | 0 |
_aRU _bNLR _gpsbo |
|
| 801 | 1 |
_aRU _bELAR _2rusmarc |
|
| 852 |
_aNLR _j95-3/8294 |
||
| 942 | _cBOOK | ||